000 00872nam a2200253 i 4500
003 DO-SdBNP
005 20230913151920.0
007 ta
008 110413s2023 dr o 000 j spa d
040 _aDO-SdBNP
_bspa
_cBNPHU
_erda
082 _bP849c
_222
100 _aPortes, Alejandro,
_d1944-
_932297
245 1 0 _aConferencia magistral migración y desarrollo :
_buna revisión de las tendencias globales /
_cAlejandro Portes
264 1 _aSanto Domingo :
_bInstituto Nacional de Migración,
_c2023.
300 _a46 páginas
_c23 cm.
_bfotografías
336 _2rdacontent
_atexto
_btxt
337 _2rdamedia
_asin mediación
_bn
338 _2rdacarrier
_avolumen
_bnc
500 _aCon el apoyo del Banco Mundial, INESDYC y Unibe.
586 _aPremio Princesa de Asturias 2019.
590 _aInventariado, 2023/ YL
910 _aYLockward
942 _2ddc
_cLF2
999 _c54742
_d54742